书目信息 |
| 题名: |
EXCEL 2007公式、函数、图表与数据处理从新手到高手
|
|
| 作者: | 唐骏 , 崔俊杰 , 孙燕飞 编著 | |
| 分册: | ||
| 出版信息: | 北京 中国铁道出版社 2009.04 |
|
| 页数: | 406页 | |
| 开本: | 26cm | |
| 丛书名: | ||
| 单 册: | ||
| 中图分类: | TP391.13 | |
| 科图分类: | ||
| 主题词: | 电子表格系统--基本知识 | |
| 电子资源: | ||
| ISBN: | 978-7-113-09741-7 | |
| 000 | 01055nam0 2200265 450 | |
| 001 | 012010622914 | |
| 005 | 20101123173746.21 | |
| 010 | @a978-7-113-09741-7@dCNY45.00 (含光盘) | |
| 010 | @a978-7-89459-058-9@b光盘 | |
| 100 | @a20101129d2009 em y0chiy0110 ea | |
| 101 | 0 | @achi |
| 102 | @aCN@b110000 | |
| 105 | @aa z 000yy | |
| 200 | 1 | @aEXCEL 2007公式、函数、图表与数据处理从新手到高手@AEXCEL 2007 gong shi、han shu、tu biao yu shu ju chu li cong xin shou dao gao shou@f唐骏, 崔俊杰, 孙燕飞编著 |
| 210 | @a北京@c中国铁道出版社@d2009.04 | |
| 215 | @a406页@c图@d26cm@e光盘1片 | |
| 330 | @a本书主要内容包括:Excel 2007基础、数据输入与编辑、工作表的修饰、公式与函数、数据库函数、文本函数、日期和时间函数、工程函数、财务函数、信息函数、逻辑函数、查找和引用函数、数学和三角函数、统计函数等。 | |
| 606 | 0 | @a电子表格系统@x基本知识 |
| 610 | 0 | @aEXCEL 2007 |
| 690 | @aTP391.13@v4 | |
| 701 | 0 | @a唐骏@Atang jun@4编著 |
| 701 | 0 | @a崔俊杰@Acui jun jie@4编著 |
| 701 | 0 | @a孙燕飞@Asun yan fei@4编著 |
| 801 | 0 | @aCN@c20101129 |
| 905 | @dTP391.13@eT245 | |
| EXCEL 2007公式、函数、图表与数据处理从新手到高手/唐骏, 崔俊杰, 孙燕飞编著.-北京:中国铁道出版社,2009.04 |
| 406页:图;26cm+光盘1片 |
| ISBN 978-7-113-09741-7:CNY45.00 (含光盘) |
| 本书主要内容包括:Excel 2007基础、数据输入与编辑、工作表的修饰、公式与函数、数据库函数、文本函数、日期和时间函数、工程函数、财务函数、信息函数、逻辑函数、查找和引用函数、数学和三角函数、统计函数等。 |
| ● |
| 相关链接 |
|
|
|
正题名:EXCEL 2007公式、函数、图表与数据处理从新
索取号:TP391.13/T245
 
预约/预借
| 序号 | 登录号 | 条形码 | 馆藏地/架位号 | 状态 | 备注 |
| 1 | 1035068 | 210350680 | 自科库301/301自科库 65排1列3层/ [索取号:TP391.13/T245] | 在馆 | |
| 2 | 1035069 | 210350699 | 自科库301/301自科库 65排1列3层/ [索取号:TP391.13/T245] | 在馆 | |
| 3 | 1035070 | 210350706 | 自科二线504/504自科库 1排3列2层/ [索取号:TP391.13/T245] | 在馆 | |
| 4 | 1035071 | 210350715 | 自科二线504/504自科库 1排3列2层/ [索取号:TP391.13/T245] | 在馆 | |
| 5 | 1035072 | 210350724 | 自科库301/404自科库 11排3列1层/ [索取号:TP391.13/T245] | 在馆 |